1333 1195 1656 1383 1624 1491 1732 1932 1881 1157 1771 1142 1106 1679 1413 1745 1041 1213 1767 1730 1566 1899 1288 1816 1136 1596 1477 1913 1757 1408 1188 1916 1093 1928 1725 1250 1879 1589 1980 1335 1378 1022 1669 1438 1527 1596 2000 1947 1642 1953 1531 1657 1353 1576 1650 1448 1843 1884 1406 1938 1168 1650 1045 1260 1470 1053 1417 1410 1957 1102 1898 1635 1020 1251 1841 1361 1722 1177 1607 1455 1652 1077 1220 1839 1473 1783 1491 1110 1937 1939 1550 1787 1310 1039 1402 1994 1003 1122 1558 BCNSPRNW ULIB Ver.6.0+V

เปลี่ยนเป็นภาษาไทย

Change to English
 แสดงรายละเอียดบรรณานุกรม
  กลับหน้าหลัก

Brief Record : Get Marc (ISO 2709) : E-mail record : QR code < ปิดหน้าต่าง
LEADER : 00000nam 2200000uu 4500
001    13399110136
003     ULIB
008    110422s2552||||th 000 0 tha d
024    9786110600866
090    นว^bส966P 2552
100 0  แสตมป์เบอร์รี่
245     Psycho & the zist จังหวะรักร้ายหวานใจเจ้าเสน่ห์^cแสตมป์เบอร์รี่
260    กรุงเทพฯ:^bแจ่มใส,^c2552
300    210 หน้า
945    ^p159^l0^i029995
995    เกษร
999     ^aใช้งานได้ทุกระบบ
รายการนี้ยังไม่มีแท็ก
คุณยังไม่ได้ล็อกอิน คุณสามารถมีกิจกรรมร่วมกับเว็บไซต์ได้ แต่ต้องล็อกอินก่อน ::
  ล็อกอิน

รายการสื่อสารสนเทศ

ลำดับที่ ประเภท เลขเรียก/บาร์โค้ด สถานที่ สถานะ
1. นวนิยาย
นวนิยาย
นว ส966P 2552  
  Barcode: 029995
ห้องสมุดวิทยาเขตสวรรค์ประชารักษ์
►นวนิยาย
บนชั้น
  ขอยืม

BibComment


ยังไม่เคยถูกคอมเมนท์

คอมเมนท์ทรัพยากรรายการนี้
  คอมเมนท์: Psycho the zist..


 Copyright 2026. Bcnsprnw @Library